| 000 | 00777nam a2200229 a 4500 | ||
|---|---|---|---|
| 999 |
_c1117 _d1117 |
||
| 001 | 1117 | ||
| 003 | BD-JhCC | ||
| 005 | 20171015155319.0 | ||
| 008 | 171015s2002 bg |||| |||| 001 0 be d | ||
| 020 | _a9844652537 | ||
| 035 | _a(BD-JhCC)1117 | ||
| 040 |
_aBD-JhCC _dBD-JhCC |
||
| 041 | _aben | ||
| 082 |
_a910.8 _bHOS 2002 |
||
| 100 | _aহোসেন, মোফাজ্জল | ||
| 245 |
_aঘর হতে শুধু দুই পা ফেলিয়া : _bভ্রমনে বাংলাদেশ / _cমোফাজ্জল হোসেন |
||
| 260 |
_aঢাকা : _bসাহিত্য প্রকাশ, _c২০০২. |
||
| 300 |
_a১১২ পৃ.: _c২১ সেমি. |
||
| 650 |
_aTravel _zBangladesh |
||
| 942 |
_2ddc _cBK |
||